000 00469 a2200169 4500
020 _a9781427736543
022 _a1427736545
082 _a332
090 _c6588
_d6588
100 _aSchweser,Kaplan.
245 _aCFA / 2012 Level 1 practice exams-Volume 2.
_bPractice Exams for the CFA @ Exam.
_cKaplan Schweser.
250 _aVolume 2.
260 _aAmerica.
_bKaplan Schweser.
_c2011.
300 _a286p.
500 _aPaper cover.
942 _aNBS
_cBK
_k332 SCH
999 _c348946
_d348946